000 00273nam a22001217a 4500
020 _a0-07-018843-0
082 _a621.3848 EWE
100 _aEWELL,GEORGE.W
_974510
245 _aRADAR TRANSMITTERS
260 _aNEW YORK
_bMCGRAW HILL
_c1981
300 _a338P
942 _cBK
999 _c580030
_d580030